Philo of Alexandria : an introduction /

Bibliographic Details
Main Author: Sandmel, Samuel
Format: Book
Language:English
Published: New York : Oxford University Press, 1979.
Subjects:

MARC

Tag First Indicator Second Indicator Subfields
LEADER 00000pam a2200000 i 4500
001 in00000059866
005 20151008051025.0
008 780911s1979 nyu b 00110 eng
010 |a  78010630  
020 |a 0195025148 
020 |a 0195025156 (pbk.) 
035 |a (OCoLC)04496093 
035 |9 AAG5097AM 
040 |a DLC  |c DLC  |d TXA  |d UtOrBLW 
049 |a TXAM  |c [1383136] 
050 0 0 |a B689.Z7  |b S28 
082 0 |a 181/.3 
100 1 |a Sandmel, Samuel. 
245 1 0 |a Philo of Alexandria :  |b an introduction /  |c Samuel Sandmel. 
264 1 |a New York :  |b Oxford University Press,  |c 1979. 
300 |a xii, 204 pages ;  |c 22 cm. 
336 |a text  |b txt  |2 rdacontent 
337 |a unmediated  |b n  |2 rdamedia 
338 |a volume  |b nc  |2 rdacarrier 
500 |a Includes index. 
504 |a Bibliography: pages 195-197. 
600 0 0 |a Philo,  |c of Alexandria. 
999 |a MARS 
999 f f |s 0dd43338-48a8-3fe6-ab5a-69f4a638a888  |i 428a09af-fa94-3e7b-aeb5-23c3d03eb86f  |t 0 
952 f f |p ric  |a Texas A&M University  |b Rellis Campus  |c Joint Library Facility  |d Remote Storage  |t 0  |e B689.Z7 S28  |h Library of Congress classification  |i unmediated -- volume  |m A14801595851 
998 f f |a B689.Z7 S28  |t 0  |l Remote Storage